| 000 | 00574nam a22001937a 4500 | ||
|---|---|---|---|
| 999 |
_c61708 _d61708 |
||
| 005 | 20240419102059.0 | ||
| 008 | 240419s1993 enk||||| |||| 00| 0 eng d | ||
| 020 | _a9780874344554x | ||
| 041 | _aeng | ||
| 080 | _a611.84 J-74 | ||
| 100 |
_aJohnston, Charlotte A. _921878 |
||
| 245 |
_aAnatomy / _cJohnston, Charlotte A. |
||
| 264 |
_aPennsylvania : _bSpringhouse, _c1993. |
||
| 300 |
_a135 p.: _bill. _c23 cm. |
||
| 440 |
_aApplied Science Review Series _921879 |
||
| 653 | _aანატომია | ||
| 653 | _aმედიცინა | ||
| 942 |
_2udc _cᲬᲘᲒᲜᲘ |
||